000
00258nam a2200097Ia 4500
001
774734
005
20250826165816.0
008
250824s9999 xx 000 0 und d
245
0
_a
KARİKATÜRLERLE NASRETTİN HOCA
_c
AHMET ÇAKIL
260
_b
KAYALIPARK YAYINLARI
999
_c
774734
_d
774734